[Event "DVM U10 2013"]
[Site "Magdeburg GER"]
[Date "2013.12.28"]
[Round "4"]
[White "Kopylov, Daniel"]
[Black "Buchloh, Adrian"]
[Result "1-0"]
[Termination "normal"]
[Board "1.1"]
[WhiteElo "1706"]
[BlackElo "1464"]
[WhiteTeam "TuRa Harksheide 1"]
[BlackTeam "Hagener SV"]
[WhiteFideId "12921971"]
[BlackFideId "12960675"]
[EventCountry "GER"]
[EventRounds "6"]
[EventType "team-swiss"]
[EventDate "2013.12.27"]

1. e4 d5 2. exd5 Qxd5 3. Nc3 Qa5 4. Bc4 Nf6 5. Nf3 Bg4 6. O-O e6 7. d4 Nc6 8.
Bf4 O-O-O 9. Nb5 Bd6 10. Nxd6+ cxd6 11. c3 h6 12. b4 Qc7 13. Be2 g5 14. Be3 Nd5
15. Qc1 f5 16. b5 Nb8 17. c4 Nf6 18. Qa3 a6 19. bxa6 Nxa6 20. Rfc1 Nb8 21. c5
Kd7 22. cxd6 Qxd6 23. Ne5+ Ke8 24. Bb5+ Kf8 25. Qxd6+ Rxd6 26. Rc8+ Kg7 27.
Rxh8 Kxh8 28. Nf7+ Kg7 29. Nxd6 Nbd7 30. Rc1 Kf8 31. h3 Bh5 32. Bxd7 Nxd7 33.
Rc7 Ke7 34. Nxb7 f4 35. Nc5 fxe3 36. Rxd7+ Kf6 37. fxe3 1-0

[Event "DVM U10 2013"]
[Site "Magdeburg GER"]
[Date "2013.12.28"]
[Round "4"]
[White "Brunner, Sophia"]
[Black "Höfs, Cederik"]
[Result "1-0"]
[Termination "normal"]
[Board "1.2"]
[WhiteElo "1329"]
[BlackElo "1010"]
[WhiteTeam "Hagener SV"]
[BlackTeam "TuRa Harksheide 1"]
[WhiteFideId "12960683"]
[BlackFideId "16207653"]
[EventCountry "GER"]
[EventRounds "6"]
[EventType "team-swiss"]
[EventDate "2013.12.27"]

1. d4 d5 2. c4 Nf6 3. cxd5 Nxd5 4. e4 Nb6 5. Nc3 Nc6 6. Bb5 a6 7. Bxc6+ bxc6 8.
Bf4 Bb7 9. Nf3 e6 10. O-O Nc4 11. Qb3 Na5 12. Qc2 Rb8 13. Rac1 c5 14. dxc5 Bxc5
15. Na4 Bd6 16. Bxd6 cxd6 17. Qe2 O-O 18. Rfd1 Qe8 19. b3 d5 20. e5 Bc6 21. Nb2
Bb5 22. Qe3 Rc8 23. Rxc8 Qxc8 24. Rc1 Nc6 25. Nd4 Qb7 26. Nxc6 Bxc6 27. f3 Rc8
28. Rc5 Qb6 29. Na4 Qa7 30. Qd4 g6 31. Kh1 Kg7 32. Qc3 Qb7 33. h3 Bd7 34. Rxc8
Qxc8 35. Qxc8 Bxc8 36. Kg1 a5 37. Kf2 g5 38. g3 Kg6 {nicht mehr nachvollziehbar
} 1-0

[Event "DVM U10 2013"]
[Site "Magdeburg GER"]
[Date "2013.12.28"]
[Round "4"]
[White "Rößl, Adam"]
[Black "Scheidt, Mike Niklas"]
[Result "0-1"]
[Termination "normal"]
[Board "1.3"]
[WhiteElo "944"]
[BlackElo "935"]
[WhiteTeam "TuRa Harksheide 1"]
[BlackTeam "Hagener SV"]
[WhiteFideId "16246047"]
[BlackFideId "12965235"]
[EventCountry "GER"]
[EventRounds "6"]
[EventType "team-swiss"]
[EventDate "2013.12.27"]

1. e4 d5 2. exd5 Qxd5 3. Nc3 Qa5 4. Nf3 Nf6 5. d4 Bg4 6. Be2 e6 7. O-O Nc6 8.
Ne5 Bxe2 9. Qxe2 Nxd4 10. Qd3 Qxe5 11. f4 Qc5 12. Be3 O-O-O 13. Rad1 Nf3+ 14.
gxf3 Rxd3 15. Bxc5 Bxc5+ 16. Kg2 Rxd1 17. Rxd1 Rd8 18. Rc1 Rd2+ 19. Kh3 Be3 20.
Re1 Bxf4 21. Re2 Rxe2 22. Nxe2 Be5 23. c3 Nd5 24. c4 Nf4+ 25. Nxf4 Bxf4 26. Kg2
Kd7 27. h4 e5 28. Kf2 Kc6 29. Ke2 b5 30. Kd3 a6 31. a3 h5 32. b3 Bg3 33. Ke4
Bxh4 34. Kxe5 Bf2 35. f4 h4 36. Ke4 h3 37. Kf3 h2 38. Kg2 Bg1 39. cxb5+ Kxb5
40. Kh1 c5 41. b4 cxb4 42. axb4 Kxb4 0-1

[Event "DVM U10 2013"]
[Site "Magdeburg GER"]
[Date "2013.12.28"]
[Round "4"]
[White "Lindemann, Jarno"]
[Black "Peters, Malte"]
[Result "1-0"]
[Termination "normal"]
[Board "1.4"]
[WhiteElo "940"]
[BlackElo "903"]
[WhiteTeam "Hagener SV"]
[BlackTeam "TuRa Harksheide 1"]
[WhiteFideId "12977934"]
[BlackFideId "16208978"]
[EventCountry "GER"]
[EventRounds "6"]
[EventType "team-swiss"]
[EventDate "2013.12.27"]

1. e4 e5 2. Nf3 Nc6 3. Bc4 Nf6 4. Ng5 d5 5. exd5 Nxd5 6. Qf3 Be6 7. Nc3 Ncb4 8.
Bb3 c6 9. d3 Be7 10. Nxd5 Bxd5 11. Bxd5 Nxd5 12. Qxf7+ Kd7 13. Qe6+ Ke8 14. Nf7
Nc7 15. Qb3 Qd5 16. Qxd5 Nxd5 17. Nxh8 Kd7 18. Nf7 Ke6 19. Ng5+ Kd7 20. Nxh7
Nb4 21. Kd1 Rd8 22. Ng5 Kc8 23. Re1 Bf6 24. Bd2 Na6 25. c3 Nc5 26. Kc2 Rxd3 27.
b4 e4 28. bxc5 Rd5 29. Rxe4 Rf5 30. Re8+ Kc7 31. f3 Rxc5 32. Bf4+ Kb6 33. Be3
Bxc3 34. Rb1+ Bb4+ 35. Bxc5+ Kxc5 36. Ne4+ Kb5 37. Re5+ c5 38. a3 Ka4 39. axb4
cxb4 40. Nc5+ Ka5 41. Nxb7+ Kb6 42. Rxb4+ Kc6 43. Rc5+ Kd7 44. Rd4+ Ke6 45.
Rd6+ Kf7 46. Rc7+ Kg8 47. Rdd7 Kh7 48. Rxg7+ Kh8 49. Rgd7 Kg8 50. Rc8# 1-0

[Event "DVM U10 2013"]
[Site "Magdeburg GER"]
[Date "2013.12.28"]
[Round "4"]
[White "Stirnberg, Noah"]
[Black "Heckmann, Till"]
[Result "1-0"]
[Termination "normal"]
[Board "2.1"]
[WhiteElo "1355"]
[BlackElo "1463"]
[WhiteTeam "SK Blauer Springer Paderborn 1"]
[BlackTeam "SV Empor Berlin"]
[WhiteFideId "16207742"]
[BlackFideId "12987093"]
[EventCountry "GER"]
[EventRounds "6"]
[EventType "team-swiss"]
[EventDate "2013.12.27"]

1. d4 Nf6 2. Bf4 d6 3. Nf3 g6 4. c3 Bg7 5. e3 O-O 6. Bd3 b6 7. Nbd2 Bb7 8. e4
c5 9. d5 a6 10. a4 Nbd7 11. Qe2 Qc7 12. h3 Nh5 13. Bh2 Ne5 14. g4 Nxd3+ 15.
Qxd3 Nf6 16. Nh4 b5 17. O-O bxa4 18. Rxa4 a5 19. c4 Nd7 20. f4 Bxb2 21. Nhf3
Bg7 22. Nb1 Ba6 23. Nbd2 Rfb8 24. Re1 Rb4 25. Rxb4 axb4 26. e5 Qd8 27. f5 dxe5
28. Nxe5 Nxe5 29. Bxe5 Bxe5 30. Rxe5 Qc7 31. Qe4 Re8 32. f6 e6 33. dxe6 fxe6
34. Rxe6 Rxe6 35. Qxe6+ Kf8 36. Qxa6 Qg3+ 37. Kf1 Qxh3+ 38. Kf2 Qh4+ 39. Kf3
Qh3+ 40. Kf4 Qh6+ 41. g5 Qh2+ 42. Ke3 Qg1+ 43. Ke2 Qg4+ 44. Kd3 Qf5+ 45. Ke2
Qg4+ 46. Ke1 Qg3+ 47. Kd1 Qg4+ 48. Kc2 Qf5+ 49. Kb2 Qe5+ 50. Ka2 b3+ 51. Nxb3
Qc7 52. Qa8+ Kf7 53. Qd5+ Kf8 54. Qxc5+ Qxc5 55. Nxc5 Kf7 56. Ne4 Ke6 57. c5
Kf5 58. f7 Kg4 59. f8=Q 1-0

[Event "DVM U10 2013"]
[Site "Magdeburg GER"]
[Date "2013.12.28"]
[Round "4"]
[White "Breitzmann, Sander"]
[Black "Brockhoff, Moritz"]
[Result "0-1"]
[Termination "normal"]
[Board "2.2"]
[WhiteElo "1411"]
[BlackElo "1258"]
[WhiteTeam "SV Empor Berlin"]
[BlackTeam "SK Blauer Springer Paderborn 1"]
[WhiteFideId "12987085"]
[BlackFideId "16214927"]
[EventCountry "GER"]
[EventRounds "6"]
[EventType "team-swiss"]
[EventDate "2013.12.27"]

1. e4 e6 2. d4 d5 3. Nc3 dxe4 4. Nxe4 Nd7 5. Bd3 Ngf6 6. Ng3 Be7 7. Nf3 O-O 8.
O-O b6 9. c3 Bb7 10. Qc2 h6 11. Bd2 c5 12. Be3 Rc8 13. Ne5 Nxe5 14. dxe5 Qd5
15. f4 c4 16. Bxc4 Rxc4 17. exf6 Bxf6 18. Rad1 Qc6 19. Rd2 Bxc3 20. bxc3 Rxc3
21. Qb2 Rxe3 22. f5 Qc5 23. Kh1 Ba6 24. Nh5 e5 25. Rc2 Qb5 26. Qxb5 Bxb5 27.
Rfc1 g6 28. Ng3 Re8 29. Rc3 Rxc3 30. Rxc3 Rd8 31. h3 Rd3 32. Rb3 Rxb3 33. axb3
Bd3 34. fxg6 fxg6 35. b4 a5 36. bxa5 bxa5 37. Kg1 a4 38. Nh1 a3 39. Nf2 Bc2 40.
Ng4 a2 41. Nxh6+ Kh7 42. Ng4 a1=Q+ 43. Kf2 Qd4+ 44. Kg3 Qf4+ 45. Kh4 g5+ 46.
Kh5 Bg6# 0-1

[Event "DVM U10 2013"]
[Site "Magdeburg GER"]
[Date "2013.12.28"]
[Round "4"]
[White "Siol, Mats Lennart"]
[Black "Pysarenko, Kyrill"]
[Result "0-1"]
[Termination "normal"]
[Board "2.3"]
[WhiteElo "966"]
[BlackElo "1260"]
[WhiteTeam "SK Blauer Springer Paderborn 1"]
[BlackTeam "SV Empor Berlin"]
[WhiteFideId "16229240"]
[BlackFideId "12974250"]
[EventCountry "GER"]
[EventRounds "6"]
[EventType "team-swiss"]
[EventDate "2013.12.27"]

1. e4 c5 2. d4 cxd4 3. c3 dxc3 4. Nxc3 Nc6 5. Nf3 e6 6. Bc4 g6 7. Bf4 Bg7 8.
O-O Nge7 9. Qd2 O-O 10. Bh6 Re8 11. Bxg7 Kxg7 12. Ng5 h6 13. Nf3 a6 14. Qf4 d5
15. exd5 exd5 16. Bd3 Bf5 17. Bxf5 Nxf5 18. Rad1 Nce7 19. Qe5+ Kg8 20. Nxd5
Nxd5 21. Rxd5 Qe7 22. Qxe7 Rxe7 23. Rfd1 Rae8 24. Rd8 Kg7 25. Rxe8 Rxe8 26. g4
Ne7 27. Re1 Kf8 28. h4 Rc8 29. g5 h5 30. Ne5 Rc2 31. Rb1 a5 32. a4 Nf5 33. Nf3
Rc4 34. b3 Rg4+ 35. Kf1 Nxh4 36. Nxh4 Rxh4 37. Re1 Rg4 38. Re5 Rb4 39. Rxa5
Rxb3 40. Ra7 Ra3 41. a5 Ke8 42. Ke2 Kd8 43. Rxb7 Rxa5 44. f4 Ke8 45. Kf3 h4 46.
Kg4 Rf5 47. Kxh4 Rxf4+ 48. Kg3 Rd4 49. Ra7 Rd7 50. Rxd7 Kxd7 51. Kf4 Ke6 52.
Ke4 Kd7 53. Kd5 Ke8 54. Kc6 Ke7 55. Kd5 f6 56. gxf6+ Kxf6 57. Ke4 Kg5 58. Kf3
Kh4 59. Kg2 Kg4 60. Kf1 Kf3 0-1

[Event "DVM U10 2013"]
[Site "Magdeburg GER"]
[Date "2013.12.28"]
[Round "4"]
[White "Breitzmann, Thorge"]
[Black "Prieb, Robert"]
[Result "0-1"]
[Termination "normal"]
[Board "2.4"]
[WhiteElo "1009"]
[BlackElo "898"]
[WhiteTeam "SV Empor Berlin"]
[BlackTeam "SK Blauer Springer Paderborn 1"]
[BlackFideId "16212002"]
[EventCountry "GER"]
[EventRounds "6"]
[EventType "team-swiss"]
[EventDate "2013.12.27"]

1. d4 Nf6 2. c4 g6 3. Nc3 Bg7 4. Nf3 d6 5. Bg5 Bf5 6. e3 Nbd7 7. Bd3 Bxd3 8.
Qxd3 c5 9. O-O O-O 10. Rfe1 cxd4 11. exd4 e6 12. Rad1 h6 13. Bf4 d5 14. cxd5
exd5 15. Qb5 Nb6 16. Qc5 Rc8 17. Bc7 Rxc7 18. Qa5 Nc4 19. Qxa7 Nxb2 20. Rb1 Nd3
21. Re3 Rxc3 22. Rd1 Nb2 23. Rxc3 Nxd1 24. Rc1 Nb2 25. Qxb7 Nc4 26. Rd1 Re8 27.
Rb1 Ne4 28. Qa7 Ned2 29. Nxd2 Nxd2 30. Rd1 Qb8 31. Qc5 Qc8 32. Qxd5 Rd8 33. Qa5
Rxd4 34. g3 Nf3+ 35. Kg2 Rxd1 36. Kxf3 Qc6+ 37. Kg4 h5+ 38. Kh3 Qe6+ 39. Kg2
Qe4+ 40. Kh3 Qg4+ 41. Kg2 Qe4+ 42. Kh3 Rg1 43. Qd8+ Bf8 44. Qg5 Qg2+ 45. Kh4
Qxh2# 0-1

[Event "DVM U10 2013"]
[Site "Magdeburg GER"]
[Date "2013.12.28"]
[Round "4"]
[White "Grabbel, Lennart"]
[Black "Lutz, Ruben"]
[Result "1/2-1/2"]
[Termination "normal"]
[Board "3.1"]
[WhiteElo "1221"]
[BlackElo "1356"]
[WhiteTeam "Hamburger SK"]
[BlackTeam "USV TU Dresden"]
[WhiteFideId "16201620"]
[BlackFideId "12975974"]
[EventCountry "GER"]
[EventRounds "6"]
[EventType "team-swiss"]
[EventDate "2013.12.27"]

1. d4 d5 2. c4 e6 3. Nc3 Nf6 4. Bg5 Nbd7 5. e3 c6 6. Nf3 Qa5 7. Qa4 Qxa4 8.
Nxa4 Bb4+ 9. Nc3 Ne4 10. Rc1 Nb6 11. c5 Na4 12. a3 Bxc3+ 13. bxc3 Naxc3 14. Bh4
a6 15. Nd2 Nxd2 16. Kxd2 Ne4+ 17. Ke1 Bd7 18. f3 Nf6 19. Bd3 h6 20. Ke2 O-O 21.
Rb1 Ra7 22. Rb3 1/2-1/2

[Event "DVM U10 2013"]
[Site "Magdeburg GER"]
[Date "2013.12.28"]
[Round "4"]
[White "Schubert, Christoph"]
[Black "Dietrich, Leif"]
[Result "1/2-1/2"]
[Termination "normal"]
[Board "3.2"]
[WhiteElo "1108"]
[BlackElo "779"]
[WhiteTeam "USV TU Dresden"]
[BlackTeam "Hamburger SK"]
[BlackFideId "16293860"]
[EventCountry "GER"]
[EventRounds "6"]
[EventType "team-swiss"]
[EventDate "2013.12.27"]

1. e4 c5 2. Nf3 Nc6 3. d4 cxd4 4. Nxd4 Nf6 5. Nc3 e5 6. Nf3 Bb4 7. Bd2 d5 8.
exd5 Nxd5 9. Nxd5 Qxd5 10. c3 Bc5 11. Be2 O-O 12. O-O h6 13. Qc2 e4 14. Ne1 Bf5
15. Rd1 e3 16. Bxe3 Bxc2 17. Rxd5 Bxe3 18. Nxc2 Bb6 19. Rfd1 Rfe8 20. Bf1 Re5
21. Rxe5 Nxe5 22. Re1 Ng4 23. Re2 Kf8 24. h3 Nf6 25. Ne3 Re8 26. Nc4 Rxe2 27.
Bxe2 Bc5 28. Ne5 Ke7 29. b4 Bb6 30. Bf3 Kd6 31. Nc4+ Kc7 32. Nxb6 Kxb6 33. Bd1
Nd5 34. c4 Nxb4 35. a3 Nd3 36. Kf1 Kc5 37. Ke2 Kxc4 38. Ke3 Nb2 39. Bf3 b6 40.
Bc6 b5 41. Ke4 Kb3 42. Bxb5 Kxa3 43. Be8 f6 44. Kf5 a5 45. Kg6 f5 46. Kxf5 a4
47. Kg6 Kb4 48. Kxg7 a3 49. Bf7 Nc4 50. f4 a2 51. Bxc4 a1=Q+ 52. Kxh6 Kxc4 53.
f5 Qf6+ 54. Kh5 Qxf5+ 55. Kh4 Kd4 56. g4 Qf4 57. Kh5 Ke5 58. g5 Qf3+ 59. Kh6
Qxh3+ 60. Kg6 Qe6+ 61. Kh5 Kf5 62. Kh4 Qh6+ 63. gxh6 Kg6 1/2-1/2

[Event "DVM U10 2013"]
[Site "Magdeburg GER"]
[Date "2013.12.28"]
[Round "4"]
[White "Weber, Kian"]
[Black "Lutz, Adam"]
[Result "0-1"]
[Termination "normal"]
[Board "3.3"]
[WhiteElo "600"]
[BlackElo "1089"]
[WhiteTeam "Hamburger SK"]
[BlackTeam "USV TU Dresden"]
[WhiteFideId "16234928"]
[BlackFideId "16226615"]
[EventCountry "GER"]
[EventRounds "6"]
[EventType "team-swiss"]
[EventDate "2013.12.27"]

1. e4 c5 2. Nf3 e6 3. Nc3 Nc6 4. d4 cxd4 5. Nxd4 d6 6. Nb3 Nf6 7. f3 Be7 8. Be3
O-O 9. Qd2 a6 10. O-O-O b5 11. g4 Bb7 12. Ne2 Ne5 13. Ng3 Nxf3 14. Qg2 Ne5 15.
g5 Nfd7 16. h4 Rc8 17. Kb1 h5 18. Nd4 Nc4 19. Bxc4 bxc4 20. c3 -- 21. b3 a5 22.
a4 d5 23. Nde2 Rb8 24. Bd4 Bb4 25. Qf2 Bc6 26. -- Bxa4 27. Bxg7 Bxb3 28. Bxf8
Kxf8 {Rest nicht nachvollziehbar} 0-1

[Event "DVM U10 2013"]
[Site "Magdeburg GER"]
[Date "2013.12.28"]
[Round "4"]
[White "Wehner, Tobias"]
[Black "Klaas, Heiko"]
[Result "1-0"]
[Termination "normal"]
[Board "3.4"]
[WhiteElo "992"]
[BlackElo "600"]
[WhiteTeam "USV TU Dresden"]
[BlackTeam "Hamburger SK"]
[WhiteFideId "16224000"]
[BlackFideId "16215940"]
[EventCountry "GER"]
[EventRounds "6"]
[EventType "team-swiss"]
[EventDate "2013.12.27"]

1. e4 e5 2. Nf3 Nc6 3. Bc4 Bc5 4. c3 Nf6 5. d4 exd4 6. cxd4 Bb4+ 7. Bd2 Bxd2+
8. Nbxd2 d6 9. O-O Bg4 10. Bb5 O-O 11. Rc1 Nb4 12. Qb3 Na6 13. Bd3 d5 14. e5
Ne4 15. Bxe4 dxe4 16. Nxe4 Bxf3 17. Qxf3 Qxd4 18. Nc3 Qxe5 19. Qxb7 Nc5 20. Qb5
Rab8 21. Qa5 a6 22. Rfe1 Qg5 23. b4 Rb5 24. Nxb5 Nd3 25. Nxc7 Qxa5 26. bxa5
Nxc1 27. Rxc1 Rc8 28. Kf1 Kf8 29. Ne6+ fxe6 30. Rxc8+ 1-0

[Event "DVM U10 2013"]
[Site "Magdeburg GER"]
[Date "2013.12.28"]
[Round "4"]
[White "Bosselmann, Tom Linus"]
[Black "Garbuz, Nicole"]
[Result "1-0"]
[Termination "normal"]
[Board "4.1"]
[WhiteElo "1353"]
[BlackElo "1267"]
[WhiteTeam "Lübecker SV"]
[BlackTeam "SF Dortmund-Brackel 1930"]
[WhiteFideId "12983845"]
[BlackFideId "12990701"]
[EventCountry "GER"]
[EventRounds "6"]
[EventType "team-swiss"]
[EventDate "2013.12.27"]

1. d4 d5 2. c4 e6 3. Nf3 Nd7 4. Nbd2 Ngf6 5. g3 Bd6 6. Bg2 c6 7. O-O O-O 8. a3
a6 9. c5 Bc7 10. b4 b6 11. Bb2 Re8 12. Qc2 e5 13. cxb6 Nxb6 14. dxe5 Ng4 15.
Qxc6 Bxe5 16. Nxe5 Nxe5 17. Bxe5 Rxe5 18. e3 Re6 19. Qc2 Bb7 20. Rfd1 Rc8 21.
Qb3 Rd6 22. Rac1 Rxc1 23. Rxc1 Rc6 24. Rxc6 Bxc6 25. Qd3 Bb5 26. Qd4 Bc6 27.
Ne4 Nc4 28. Nc5 Nxa3 29. Nxa6 Nb5 30. Qd3 Qa8 31. Bxd5 Bxd5 32. Qxb5 Bf3 33.
Nc7 Qa1+ 34. Qf1 Qxf1+ 35. Kxf1 Kf8 36. Ke1 Ke7 37. Kd2 Kd7 38. Nb5 Bb7 39. Kc3
Kc6 40. Nd4+ Kd5 41. h4 g6 42. Kd3 Ba6+ 43. Kc3 Bb7 44. f3 f5 45. f4 Ke4 46.
Kd2 Bd5 47. b5 Bb7 48. Ke2 Kd5 49. Kd3 Bc8 50. Ne2 Kc5 51. Nc3 Bd7 52. e4 Bxb5+
53. Nxb5 Kxb5 54. exf5 gxf5 55. Kd4 Kc6 56. Ke5 Kd7 57. Kxf5 1-0

[Event "DVM U10 2013"]
[Site "Magdeburg GER"]
[Date "2013.12.28"]
[Round "4"]
[White "Wastian, Mareike"]
[Black "Glinzner, Alva"]
[Result "1-0"]
[Termination "normal"]
[Board "4.2"]
[WhiteElo "1564"]
[BlackElo "1070"]
[WhiteTeam "SF Dortmund-Brackel 1930"]
[BlackTeam "Lübecker SV"]
[WhiteFideId "12947423"]
[BlackFideId "16206169"]
[EventCountry "GER"]
[EventRounds "6"]
[EventType "team-swiss"]
[EventDate "2013.12.27"]

1. e4 c6 2. d4 d5 3. f3 f6 4. Nc3 Be6 5. Be3 Bf7 6. Qd2 e5 7. O-O-O Bb4 8. a3
Ba5 9. Qd3 Ne7 10. g4 g5 11. dxe5 fxe5 12. Bxg5 Bxc3 13. Qxc3 Qc7 14. Re1 d4
15. Qd3 Qd6 16. Nh3 Nd7 17. Qd2 O-O-O 18. Qb4 Qxb4 19. axb4 c5 20. Bxe7 Rde8
21. Bh4 cxb4 22. Bb5 Be6 23. Bxd7+ Bxd7 24. Ng5 Kb8 25. Kd2 h6 26. Nf7 Rhf8 27.
Nd6 Re6 28. Nf5 Rc8 29. Bg3 Ka8 30. Rc1 Bb5 31. h4 Rd8 32. h5 d3 33. c3 bxc3+
34. Rxc3 Rh8 35. Rhc1 Rc6 36. Rxc6 Bxc6 37. Kxd3 Rd8+ 38. Ke3 Re8 39. Nxh6 a6
40. Nf7 1-0

[Event "DVM U10 2013"]
[Site "Magdeburg GER"]
[Date "2013.12.28"]
[Round "4"]
[White "Schönweiler, Elisabeth"]
[Black "Kracht, Raphael"]
[Result "1/2-1/2"]
[Termination "normal"]
[Board "4.3"]
[WhiteElo "966"]
[BlackElo "1041"]
[WhiteTeam "Lübecker SV"]
[BlackTeam "SF Dortmund-Brackel 1930"]
[WhiteFideId "12997005"]
[BlackFideId "16214382"]
[EventCountry "GER"]
[EventRounds "6"]
[EventType "team-swiss"]
[EventDate "2013.12.27"]

1. e4 c5 2. Nf3 d6 3. Bc4 Nc6 4. Nc3 e6 5. d3 Nf6 6. Bg5 Be7 7. O-O O-O 8. Ne2
h6 9. Be3 e5 10. h3 a6 11. Ng3 b5 12. Bb3 a5 13. a3 d5 14. exd5 Nxd5 15. Re1
Be6 16. Qe2 Nd4 17. Bxd4 exd4 18. Bxd5 Qxd5 19. Qd2 Rfe8 20. Re5 Qc6 21. Rae1
Bd6 22. R5e4 Bxg3 23. fxg3 Bd5 24. Rxe8+ Rxe8 25. Rxe8+ Qxe8 26. Qxa5 b4 27.
Qxc5 Bxf3 28. gxf3 Qe1+ 29. Kg2 Qe2+ 30. Kg1 1/2-1/2

[Event "DVM U10 2013"]
[Site "Magdeburg GER"]
[Date "2013.12.28"]
[Round "4"]
[White "Farhoudah, Majd"]
[Black "Rietschel, Tilo"]
[Result "0-1"]
[Termination "normal"]
[Board "4.4"]
[WhiteElo "1012"]
[BlackElo "1127"]
[WhiteTeam "SF Dortmund-Brackel 1930"]
[BlackTeam "Lübecker SV"]
[BlackFideId "16208390"]
[EventCountry "GER"]
[EventRounds "6"]
[EventType "team-swiss"]
[EventDate "2013.12.27"]

1. e4 e5 2. Nf3 Nc6 3. Bc4 Nf6 4. Ng5 d5 5. exd5 Na5 6. Bb5+ c6 7. dxc6 bxc6 8.
Bd3 Bc5 9. O-O Ng4 10. Ne4 Bb6 11. Be2 Qh4 12. h3 h5 13. Nd6+ Kf8 14. Ne4 f5
15. Ng3 Qxg3 16. hxg4 hxg4 0-1

[Event "DVM U10 2013"]
[Site "Magdeburg GER"]
[Date "2013.12.28"]
[Round "4"]
[White "Adelmeyer, Matti"]
[Black "Gheng, Dominik"]
[Result "1/2-1/2"]
[Termination "normal"]
[Board "5.1"]
[WhiteElo "1178"]
[BlackElo "1561"]
[WhiteTeam "SG Döllnitz"]
[BlackTeam "Schach-Kids Bernhausen 1"]
[WhiteFideId "12962520"]
[BlackFideId "12906778"]
[EventCountry "GER"]
[EventRounds "6"]
[EventType "team-swiss"]
[EventDate "2013.12.27"]

1. e4 c5 2. Nf3 d6 3. d4 cxd4 4. Nxd4 Nf6 5. Nc3 g6 6. Be2 Bg7 7. O-O O-O 8.
Be3 Nc6 9. Nxc6 bxc6 10. Qd2 Ng4 11. Bxg4 Bxg4 12. Bh6 Qb6 13. Bxg7 Kxg7 14.
Rab1 Rab8 15. h3 Be6 16. Rfe1 Qa5 17. Qd4+ f6 18. a3 Rb7 19. Qa4 Qxa4 20. Nxa4
Rfb8 21. b3 c5 22. Nc3 a5 23. f4 c4 24. bxc4 Rxb1 25. Rxb1 Rxb1+ 26. Nxb1 Bxc4
27. Nd2 Bb5 28. c4 Bc6 29. Kf2 g5 30. fxg5 fxg5 31. Kg3 h5 32. Kf3 Kf6 33. g4
h4 34. Ke3 e6 35. Nf3 d5 36. cxd5 exd5 37. e5+ Ke6 38. Nd4+ Kd7 39. Nxc6 Kxc6
40. Kd4 a4 41. e6 Kd6 42. e7 1/2-1/2

[Event "DVM U10 2013"]
[Site "Magdeburg GER"]
[Date "2013.12.28"]
[Round "4"]
[White "Grube, Olaf"]
[Black "Hundrieser, Malte"]
[Result "0-1"]
[Termination "normal"]
[Board "5.2"]
[WhiteElo "1224"]
[BlackElo "1224"]
[WhiteTeam "Schach-Kids Bernhausen 1"]
[BlackTeam "SG Döllnitz"]
[WhiteFideId "12956988"]
[BlackFideId "12997153"]
[EventCountry "GER"]
[EventRounds "6"]
[EventType "team-swiss"]
[EventDate "2013.12.27"]

1. e4 c6 2. d4 d5 3. exd5 cxd5 4. Nc3 Bf5 5. Bf4 Nc6 6. Bb5 Nf6 7. Nf3 a6 8.
Ba4 b5 9. Bb3 e6 10. O-O Bd6 11. Be5 Bxe5 12. dxe5 Ne4 13. Nxe4 Bxe4 14. a4
Bxf3 15. Qxf3 Nxe5 16. Qc3 d4 17. Qg3 Ng6 18. axb5 axb5 19. Qf3 O-O 20. Rxa8
Qxa8 21. Qxa8 Rxa8 22. Rd1 Ne5 23. h3 Rd8 24. c3 d3 25. f4 Nc4 26. Bxc4 bxc4
27. g4 Rb8 28. Ra1 Kf8 29. Rb1 Ke7 30. Kf2 Kd6 31. Ke3 Kd5 32. h4 f5 33. g5 g6
34. Kf3 Rb3 35. Ke3 e5 36. Kf3 e4+ 37. Ke3 Ke6 38. Kd4 d2 39. Ke3 Rxb2 40. Rd1
Rc2 41. Kd4 e3 42. Kxe3 Rxc3+ 43. Ke2 Rc2 44. Rxd2 Rxd2+ 45. Kxd2 Kd5 46. Ke2
Ke4 47. Kd2 Kxf4 48. Kc3 Kg4 49. Kxc4 f4 50. Kd3 f3 51. Kd2 Kg3 52. Kd3 f2 53.
Ke2 Kg2 54. Kd3 f1=Q+ 55. Ke3 Qf5 56. Ke2 Qf3+ 57. Ke1 Qc3+ 58. Ke2 Kg3 59. Kd1
Kf4 60. Ke2 Qe3+ 61. Kd1 Qf2 62. Kc1 Ke3 63. Kd1 Qd2# 0-1

[Event "DVM U10 2013"]
[Site "Magdeburg GER"]
[Date "2013.12.28"]
[Round "4"]
[White "Wittig, Marten"]
[Black "Floeter, Nico"]
[Result "0-1"]
[Termination "normal"]
[Board "5.3"]
[WhiteElo "749"]
[BlackElo "1078"]
[WhiteTeam "SG Döllnitz"]
[BlackTeam "Schach-Kids Bernhausen 1"]
[EventCountry "GER"]
[EventRounds "6"]
[EventType "team-swiss"]
[EventDate "2013.12.27"]

1. e4 c5 2. Nc3 d6 3. Nf3 Nf6 4. d3 g6 5. Bf4 Bg7 6. e5 Nh5 7. Bg3 Nxg3 8. hxg3
Bg4 9. exd6 Qxd6 10. Nb5 Qb6 11. c4 a6 12. Nc3 Qxb2 13. Qc1 Qxc3+ 14. Qxc3
Bxc3+ 15. Nd2 Bxa1 16. f3 Bd7 17. Nb3 Be5 18. f4 Bc3+ 19. Kd1 Bg4+ 20. Be2
Bxe2+ 21. Kxe2 O-O 22. Nxc5 b5 23. cxb5 axb5 24. Rc1 Rxa2+ 25. Kf1 Bd4 26. Nb3
Be3 27. Re1 Rf2+ 28. Kg1 Re2+ 29. Kf1 Rxe1+ 30. Kxe1 Re8 31. Ke2 Bg1 32. g4 e5
33. f5 gxf5 34. gxf5 e4 35. d4 Nc6 36. d5 Nb4 37. d6 Rd8 38. Nd2 e3 39. Ne4 Nc2
40. Ng3 Kg7 41. Nh5+ Kh8 42. Nf4 Rxd6 43. Kf1 Bf2 44. Nh3 Rd1+ 45. Ke2 Nd4+ 46.
Kxd1 e2+ 47. Kd2 e1=Q+ 48. Kd3 Qe3# 0-1

[Event "DVM U10 2013"]
[Site "Magdeburg GER"]
[Date "2013.12.28"]
[Round "4"]
[White "Kloos, Robin"]
[Black "Meurer, Calvin"]
[Result "0-1"]
[Termination "normal"]
[Board "5.4"]
[WhiteElo "907"]
[BlackElo "783"]
[WhiteTeam "Schach-Kids Bernhausen 1"]
[BlackTeam "SG Döllnitz"]
[WhiteFideId "16245741"]
[EventCountry "GER"]
[EventRounds "6"]
[EventType "team-swiss"]
[EventDate "2013.12.27"]

1. e4 d5 2. exd5 Qxd5 3. Nc3 Qa5 4. Nf3 Bg4 5. d4 c6 6. Be2 e6 7. O-O Bd6 8.
Bd2 Qc7 9. Re1 Nf6 10. Bg5 Be7 11. h3 Bxf3 12. Bxf3 Nbd7 13. Qd2 O-O-O 14. Bf4
Bd6 15. Bxd6 Qxd6 16. a4 c5 17. d5 b6 18. Rad1 Nb8 19. Re2 Qe7 20. Qe1 Rd6 21.
dxe6 Rxd1 22. Qxd1 Rd8 23. Rd2 Rxd2 24. Qxd2 Qxe6 25. Nd5 Nfd7 26. Nf4 Qe7 27.
Qd3 Ne5 28. Qa6+ Kd8 29. Qb7 Nxf3+ 30. gxf3 Qxb7 31. Kg2 Qd5 0-1

[Event "DVM U10 2013"]
[Site "Magdeburg GER"]
[Date "2013.12.28"]
[Round "4"]
[White "Gäbler, Jakob"]
[Black "Nguyen, Alex Dac-Vuong"]
[Result "0-1"]
[Termination "normal"]
[Board "6.1"]
[WhiteElo "948"]
[BlackElo "1309"]
[WhiteTeam "BSG Grün-Weiß Leipzig 2"]
[BlackTeam "BSG Grün-Weiß Leipzig 1"]
[WhiteFideId "16214536"]
[BlackFideId "12984388"]
[EventCountry "GER"]
[EventRounds "6"]
[EventType "team-swiss"]
[EventDate "2013.12.27"]

1. e4 e6 2. Nc3 d5 3. Nf3 Nf6 4. d3 dxe4 5. dxe4 Qxd1+ 6. Nxd1 Nxe4 7. Bd3 Nf6
8. Bf4 Nd5 9. Bg3 Bd6 10. Ne3 Nxe3 11. fxe3 Bd7 12. O-O-O Bxg3 13. hxg3 h6 14.
Be4 Nc6 15. Rd2 f5 16. Bd3 e5 17. Bb5 e4 18. Ng1 O-O-O 19. Nh3 g5 20. Rhd1 Ne5
21. Be2 Be6 22. b3 Ng4 23. Bxg4 fxg4 24. Nf2 Bf5 25. Rd5 Rhf8 26. R5d4 Rde8 27.
Ra4 a6 28. Rdd4 Bd7 29. Rab4 Rxf2 30. Rd5 Rxg2 31. Rbd4 Bc6 32. Rc5 Rxg3 33.
Rd3 exd3 34. cxd3 Rexe3 35. Kc2 Ref3 36. Rc3 Rf2+ 37. Kb1 Rg1+ 38. Rc1 Rgg2 39.
a3 Rb2+ 40. Ka1 Ra2+ 41. Kb1 Rgb2# 0-1